La evaluación formativa de las competencias genéricas en la formación del profesorado de educación física (Record no. 201856)
[ view plain ]
| 000 -CABECERA | |
|---|---|
| campo de control de longitud fija | 02117cab a2200325 a 4500 |
| 005 - FECHA Y HORA DE LA ÚLTIMA TRANSACCIÓN | |
| campo de control | 20240920064528.0 |
| 008 - ELEMENTOS DE LONGITUD FIJA--INFORMACIÓN GENERAL | |
| campo de control de longitud fija | 991125c2018 cl ar p o 000 0 spa d |
| 035 ## - NÚMERO DE CONTROL DEL SISTEMA | |
| Número de control de sistema | UPN01000229761 |
| 040 ## - FUENTE DE LA CATALOGACIÓN | |
| Centro catalogador/agencia de origen | MX-MxUPN |
| Lengua de catalogación | spa |
| Centro/agencia transcriptor | MX-MxUPN |
| Normas de descripción | aacr2 |
| 049 ## - COLECCIÓN | |
| Colección | ART-E |
| 100 1# - ASIENTO PRINCIPAL--NOMBRE PERSONAL | |
| Nombre de persona | Fraile Aranda, Antonio |
| Enlace | - afraile@mpc.uva.es |
| 100 1# - ASIENTO PRINCIPAL--NOMBRE PERSONAL | |
| Nombre de persona | Aparicio Herguedas, José Luis |
| 100 1# - ASIENTO PRINCIPAL--NOMBRE PERSONAL | |
| Nombre de persona | Asún Dieste, Sonia |
| 100 1# - ASIENTO PRINCIPAL--NOMBRE PERSONAL | |
| Nombre de persona | Romero Martínd, Rosario |
| 245 10 - MENCIÓN DE TÍTULO | |
| Título | La evaluación formativa de las competencias genéricas en la formación del profesorado de educación física |
| Medio | [recurso electrónico en línea] |
| 506 0# - NOTA DE RESTRICCIONES AL ACCESO | |
| Limitaciones de acceso | Acceso abierto |
| 520 3# - NOTA DE RESUMEN, ETC. | |
| Sumario, etc. | En este artículo se analiza el desarrollo competencial de un grupo de 58 estudiantes de 3er curso de Educación Primaria, mención de Educación Física, en el programa de formación inicial del profesorado de la Facultad de Educación de Valladolid. Se pretende como objetivo conocer qué competencias transversales están presentes en las clases prácticas de la asignatura Expresión y Comunicación Corporal, en la que los estudiantes asumen el rol de profesor. Durante las clases se utilizan estrategias de evaluación formativa, como la coevaluación (desde observadores externos) y la autoevaluación (del propio estudiante). Para analizar los resultados obtenidos se aplicó el programa informático Atlas.ti (Versión 8.1) y el video análisis. En las conclusiones se extrae como valoración positiva la presencia de las competencias para el liderazgo, para la acción comunicativa y para la planificación y organización docente. |
| 650 #4 - ASIENTO SECUNDARIO DE MATERIA - TERMINO TEMATICO | |
| Término de materia o nombre geográfico como elemento de entrada | Educación física |
| 9 (RLIN) | 12884 |
| 650 #4 - ASIENTO SECUNDARIO DE MATERIA - TERMINO TEMATICO | |
| 9 (RLIN) | 5345 |
| Término de materia o nombre geográfico como elemento de entrada | Liderazgo |
| 650 #4 - ASIENTO SECUNDARIO DE MATERIA - TERMINO TEMATICO | |
| Término de materia o nombre geográfico como elemento de entrada | Comunicación |
| 9 (RLIN) | 9285 |
| 650 #2 - ASIENTO SECUNDARIO DE MATERIA - TERMINO TEMATICO | |
| 9 (RLIN) | 25220 |
| Término de materia o nombre geográfico como elemento de entrada | Evaluación formativa |
| 653 0# - TERMINO DE INDIZACION - NO CONTROLADO | |
| Término no controlado | Formación inicial docente |
| 653 0# - TERMINO DE INDIZACION - NO CONTROLADO | |
| Término no controlado | Competencias |
| 653 0# - TERMINO DE INDIZACION - NO CONTROLADO | |
| Término no controlado | Planificación docente |
| 773 ## - ENLACE AL DOCUMENTO FUENTE/ENTRADA DE REGISTRO ANFITRIÓN | |
| Parte(s) relacionada(s) | Vol. 44, no. 2 (2018), p. 39-53 |
| Título | Estudios pedagógicos |
| Número Internacional Normalizado para Publicaciones Seriadas | 0718-0705 |
| 856 40 - LOCALIZACIÓN Y ACCESO ELECTRÓNICOS | |
| Identificador Uniforme del Recurso | <a href="https://scielo.conicyt.cl/pdf/estped/v44n2/0718-0705-estped-44-02-00039.pdf">https://scielo.conicyt.cl/pdf/estped/v44n2/0718-0705-estped-44-02-00039.pdf</a> |
| 902 ## - ELEMENTOS DE DATOS B LOCAL, LDB (RLIN) | |
| Creó | Gloria Jiménez |
| Modificó | Gloria Jiménez/280323 |
| 905 ## - TIPO DE MATERIAL | |
| Tipo de material | Articulo |
| 942 ## - ELEMENTOS DE PUNTO DE ACCESO ADICIONAL (KOHA) | |
| Tipo de ítem Koha | Artículo Electrónico |
| Estado de retiro | Estado de pérdida | Estado dañado | No para préstamo | Código de colección | Localización permanente | Ubicación/localización actual | Ubicación en estantería | Fecha de adquisición | Total de préstamos | Fecha visto por última vez | Identificador Uniforme del Recurso | Precio válido a partir de | Tipo de ítem Koha |
|---|---|---|---|---|---|---|---|---|---|---|---|---|---|
| Acceso abierto | Bib. Gregorio Torres Quintero | Bib. Gregorio Torres Quintero | En línea | 28/03/2023 | 28/03/2023 | https://scielo.conicyt.cl/pdf/estped/v44n2/0718-0705-estped-44-02-00039.pdf | 28/03/2023 | Artículo Electrónico |
